Ecological Continuum from the Changjiang (Yangtze River) Watersheds to the East China Sea Continental Margin

The book provides a cross-disciplinary and multi-scale assessment of a world top river, the Changjiang (Yangtze River) and its adjacent marginal environment, the East China Sea. The studies in this volume bridges the watersheds of the river and the marginal sea through a combined approach of hydro-d...

Πλήρης περιγραφή

Λεπτομέρειες βιβλιογραφικής εγγραφής
Συγγραφή απο Οργανισμό/Αρχή: SpringerLink (Online service)
Άλλοι συγγραφείς: Zhang, Jing (Επιμελητής έκδοσης)
Μορφή: Ηλεκτρονική πηγή Ηλ. βιβλίο
Γλώσσα:English
Έκδοση: Cham : Springer International Publishing : Imprint: Springer, 2015.
Σειρά:Estuaries of the World,
Θέματα:
Διαθέσιμο Online:Full Text via HEAL-Link
LEADER 03570nam a22005895i 4500
001 978-3-319-16339-0
003 DE-He213
005 20151029191150.0
007 cr nn 008mamaa
008 150430s2015 gw | s |||| 0|eng d
020 |a 9783319163390  |9 978-3-319-16339-0 
024 7 |a 10.1007/978-3-319-16339-0  |2 doi 
040 |d GrThAP 
050 4 |a QH541.5.S3 
050 4 |a QH541.5.F7 
072 7 |a RBKF  |2 bicssc 
072 7 |a SCI039000  |2 bisacsh 
072 7 |a NAT029000  |2 bisacsh 
082 0 4 |a 551.4  |2 23 
245 1 0 |a Ecological Continuum from the Changjiang (Yangtze River) Watersheds to the East China Sea Continental Margin  |h [electronic resource] /  |c edited by Jing Zhang. 
264 1 |a Cham :  |b Springer International Publishing :  |b Imprint: Springer,  |c 2015. 
300 |a XIV, 201 p. 140 illus., 87 illus. in color.  |b online resource. 
336 |a text  |b txt  |2 rdacontent 
337 |a computer  |b c  |2 rdamedia 
338 |a online resource  |b cr  |2 rdacarrier 
347 |a text file  |b PDF  |2 rda 
490 1 |a Estuaries of the World,  |x 2214-1553 
505 0 |a Chapter 1: Land–Ocean Interactions between the Changjiang (Yangtze River) -- Watersheds to the East China Sea Continental Margins -- Chapter 2: Hydrodynamics of the Changjiang Estuary and Adjacent Seas -- Chapter 3: Changjiang and Estuary sediment transport dynamics -- Chapter 4: Temporal variations in water and sediment discharge from the Changjiang (Yangtze River) and downstream sedimentary responses in the estuary -- Chapter 5: Plant Nutrients and Trace Elements from the Changjiang Watershed to the East China Sea -- Chapter 6: Organic matter and biomarkers of the Changjiang Estuary and East China Sea Shelf -- Chapter 7: Coastal Wetlands in the Changjiang Estuary -- Chapter 8: Marine Biology of the Changjiang (Yangtze River) Estuary and Adjacent East China Sea Shelf -- Chapter 9: Socio-economic Dimensions of the Coastal Environment of the East China Sea. 
520 |a The book provides a cross-disciplinary and multi-scale assessment of a world top river, the Changjiang (Yangtze River) and its adjacent marginal environment, the East China Sea. The studies in this volume bridges the watersheds of the river and the marginal sea through a combined approach of hydro-dynamics, geochemistry, sedimentary processes, ecology and fishery. The response of ecosystem to the external driving forces is examined via process-oriented observations, mesocosm experiments and numerical simulations in combination. The lessons learnt from the case studies of Changjiang and East China Sea can be beneficial to those who are doing inter-disciplinary researches in the continuum from watersheds to continental margins. 
650 0 |a Environment. 
650 0 |a Hydrology. 
650 0 |a Oceanography. 
650 0 |a Coasts. 
650 0 |a Aquatic ecology. 
650 0 |a Environmental health. 
650 0 |a Marine sciences. 
650 0 |a Freshwater. 
650 1 4 |a Environment. 
650 2 4 |a Marine & Freshwater Sciences. 
650 2 4 |a Coastal Sciences. 
650 2 4 |a Freshwater & Marine Ecology. 
650 2 4 |a Hydrology/Water Resources. 
650 2 4 |a Environmental Health. 
650 2 4 |a Oceanography. 
700 1 |a Zhang, Jing.  |e editor. 
710 2 |a SpringerLink (Online service) 
773 0 |t Springer eBooks 
776 0 8 |i Printed edition:  |z 9783319163383 
830 0 |a Estuaries of the World,  |x 2214-1553 
856 4 0 |u http://dx.doi.org/10.1007/978-3-319-16339-0  |z Full Text via HEAL-Link 
912 |a ZDB-2-EES 
950 |a Earth and Environmental Science (Springer-11646)